000 00602nam a2200217 a 4500
999 _c7213
_d7213
001 7213
003 BD-JhCC
005 20180206131317.0
008 180206s1997 bg a|||| ||a| 000 0 ben d
035 _a(BD-JhCC)7213
040 _aBD-JhCC
_dBD-JhCC
041 _aben
082 _a954.92
_bIMA 1997
100 _aইমাম, আলী
245 _aবাঙলা নামে দেশ /
_cআলী ইমাম,
260 _aঢাকা :
_bঅনন্যা প্রকাশনী,
_c1997
300 _a296 p. :
_c21 cm.
650 _aBangladesh
942 _2ddc
_cBK